000 00406nam a2200145Ia 4500
008 230917s9999||||xx |||||||||||||| ||und||
040 _e64053
_aMAIN
041 _aEnglish
082 _a519.5 G643O
100 _aGoon, A M
245 3 _aAn outline of statistical theory. V1. V1: Probability and probability distributions
260 _aCalcutta
_bWorld Press
_c1985
300 _axiii, 516 p.
942 _cBK
999 _c47771
_d47771